000 00478nam a2200157Ia 4500
008 230917s9999||||xx |||||||||||||| ||und||
040 _e204443
_aMAIN
041 _aEnglish
082 _a346.0922 U199L(5)
100 _aUmarji, M R
245 0 _aLaw & practice relating to securitisation and reconstruction of financial assets & enforcement of secutity interest
250 _a5th ed.
260 _aNew Delhi
_bTaxmann Publications
_c2010
300 _a1347 p.
942 _cBK
999 _c172006
_d172006